000 00736nam a22002417a 4500
005 20140621075025.0
008 110811s2012 nyua b 000 0 eng
020 _a9780071788762
020 _a007178876X (alk. paper)
024 0 _ceng
080 _a008
100 1 _aParker, Marty.
245 1 0 _aCulture connection :
_cMarty Parker.
250 _a1 st.ed:
260 _aNew York :
_bMcGraw-Hill,
_c2012.
300 _a215 f. :
_bme il.;
_c23 cm.
650 0 _aKultura
650 0 _aCorporate culture
_zCanada.
650 0 _aOrganizational behavior.
650 0 _aOrganizational effectiveness.
650 0 _aPerformance.
942 _2udc
_cBK
999 _c494
_d494